Khai thác và sử dụng phần mền Violet 1.6 để thiết kế bài giảng điện tử

Cơ sở lý luận của việc sử dụng phần mền Violet 1.6 trong dạy học vật lý. Khai thác sử dụng phần mền Violet 1.6. Ứng dụng thiết kế bài giảng điện tử chương trình vật lý phổ thông

Đã lưu trong:
Bibliografiske detaljer
Hovedforfatter: Vũ, Thị Như Quỳnh
Andre forfattere: Nguyễn, Văn Đông Th.S (Hướng dẫn)
Format: Bog
Sprog:Vietnamese
Udgivet: Đại học Đà Nẵng Trường đại học Sư Phạm 2010
Serier:Khóa luận tốt nghiệp đại học. Chuyên ngành: Sư phạm Lý
Fag:
Tags: Tilføj Tag
Ingen Tags, Vær først til at tagge denne postø!
Thư viện lưu trữ: Mạng thư viện Đại học Đà Nẵng
LEADER 01344nam a2200325 4500
001 000012043
003 8327
005 20120215090231.0
008 120215s2010 viesd
041 |a vie 
072 |a Khóa luận tốt nghiệp 
082 |a 005.7028  |b VU-Q 
100 |a Vũ, Thị Như Quỳnh 
245 |a Khai thác và sử dụng phần mền Violet 1.6 để thiết kế bài giảng điện tử  |c Vũ, Thị Như Quỳnh 
260 |a Đại học Đà Nẵng  |b Trường đại học Sư Phạm  |c 2010 
300 |a 58 tr.  |b hình mhọa  |c 29 cm 
490 |a Khóa luận tốt nghiệp đại học. Chuyên ngành: Sư phạm Lý 
500 |a Tham khảo + phụ lục [40 tr.] 
520 |a Cơ sở lý luận của việc sử dụng phần mền Violet 1.6 trong dạy học vật lý. Khai thác sử dụng phần mền Violet 1.6. Ứng dụng thiết kế bài giảng điện tử chương trình vật lý phổ thông 
653 |a Khóa luận tốt nghiệp đại học 
653 |a Khoa Vật lý 
700 |a Nguyễn, Văn Đông  |c Th.S  |e Hướng dẫn 
OWN |a LSP 
999 |a From the UDN01 
TYP |a Monograph 
TYP |a Printed language 
980 |a Mạng thư viện Đại học Đà Nẵng